Oilseeds Processing Technology (Record no. 1760)

MARC details
000 -LEADER
fixed length control field 00255nam a22001217a 4500
041 ## - LANGUAGE CODE
Language code of text/sound track or separate title ENG
100 ## - MAIN ENTRY--PERSONAL NAME
Personal name Shukla.B.C
245 ## - TITLE STATEMENT
Title Oilseeds Processing Technology
260 ## - PUBLICATION, DISTRIBUTION, ETC. (IMPRINT)
Place of publication, distribution, etc India
Name of publisher, distributor, etc CIAE
Date of publication, distribution, etc 1992
300 ## - PHYSICAL DESCRIPTION
Extent 270
650 ## - SUBJECT ADDED ENTRY--TOPICAL TERM
Topical term or geographic name as entry element APE
856 ## - ELECTRONIC LOCATION AND ACCESS
Uniform Resource Identifier APE (10 )
Holdings
Withdrawn status Lost status Source of classification or shelving scheme Damaged status Not for loan Home library Current library Shelving location Date acquired Cost, normal purchase price Total Checkouts Barcode Date last seen Price effective from Koha item type
    Dewey Decimal Classification     College of Agricultural Engineering and Technology, Dapoli , Library College of Agricultural Engineering and Technology, Dapoli , Library Book Cart 30/09/2021 125.00   002584 30/09/2021 30/09/2021 Books

Contact Us: College of Agricultural Engineering and Technology, Dapoli, Dist.- Ratnagiri
Website: https://dbskkv.org Email: caetlibrary2015@gmail.com